| 000 | 03310njm a2200577 i 4500 | ||
|---|---|---|---|
| 001 | 196086 | ||
| 003 | ES-MaACL | ||
| 005 | 20250904042252.0 | ||
| 007 | sd*fsngnnmmned | ||
| 008 | 240209s2006 sp opn d / ger | ||
| 015 | _aSON06 | ||
| 017 |
_aM 48042-2006 _bOficina Depósito Legal Madrid |
||
| 020 | _a97884936832022 | ||
| 035 | _a(OCoLC)431145913 | ||
| 035 | _a(SpMaBN)a4555157 | ||
| 040 |
_aSpMaBN _bspa _cSpMaBN _erdc |
||
| 100 | 1 |
_aHumperdinck, Engelbert, _d1854-1921 _9240553 _ecmt |
|
| 240 | 1 | 0 | _aHänsel und Gretel |
| 245 | 1 | 0 |
_aHänsel und Gretel / _cHumperdinck ; libreto de Adelheid Wette _h[Grabación sonora] |
| 260 |
_aMadrid : _bPrisa Innova, _cD.L. 2006 |
||
| 264 | _a©2007 | ||
| 300 |
_a2 discos (CD Audio) + _e1 libro (76 páginas) |
||
| 336 |
_2rdacontent _amúsica (interpretada) |
||
| 337 |
_2rdamedia _aaudio |
||
| 338 |
_2rdacarrier _avolumen |
||
| 490 | 1 |
_aLos clásicos de la ópera, 400 años ; _v11 |
|
| 500 | _aRemasterizado | ||
| 511 | 1 | _aElisabeth Grümmer, Elisabeth Schwarzkopf, Else Schürhoff, Maria von Ilosvay, Josef Metternich, Anny Felbermayer ; Coros de la Loughton High School for Girls y la Bancroft's School ; Orquesta Philharmonia ; Herbert von Karajan, director musical. | |
| 518 | _aGrabado en la Kingsway Hall de Londres en junio y julio de 1953 | ||
| 520 | _aEl milagro de Hänsel und Gretel obedece al empleo de un refinado lenguaje musical de procedencia inequívocamente wagneriana que no renuncia a la complejidad, ni a un moderado pero innegable uso del leitmotiv, tan caro a su maestro, pero que permanece siempre accesible en virtud de una inagotable vena melódica trufada, o al menos así lo parece, de elementos folclóricos. Suministrando al discurso musical las perfectas dosis de fantasía y realismo, el exquisito gusto de Humperdinck y una falta de pretenciosidad muy de agradecer permiten ajustar como un guante la ligereza y espontaneidad de sus melodías a la ingenua atmósfera del relato infantil, evitando en todo momento cierto tono grandilocuente al que no pocos seguidores wagnerianos hubieran sucumbido. | ||
| 650 | 7 |
_aÓperas- _9137584 _vLibretos |
|
| 655 | 7 |
_aLibretos _2 _9242219 |
|
| 700 | 1 |
_aWette, Adelheid, _d1858-1916- _tHänsel und Gretel- _lEspañol-Alemán _9238118 _elbt |
|
| 700 | 1 |
_aGrümmer, Elisabeth, _d1911-1986 _9238119 _eprf |
|
| 700 | 1 |
_aSchwarzkopf, Elisabeth, _d1915-2006 _9238120 _eprf |
|
| 700 | 1 |
_aSchürhoff, Else _9238121 _eprf |
|
| 700 | 1 |
_aIlosvay, María von _9238122 _eprf |
|
| 700 | 1 |
_aMetternich, Josef, _d1915-2005 _9238123 _eprf |
|
| 700 | 1 |
_aFelbermayer, Anny _9238124 _eprf |
|
| 700 | 1 |
_aKarajan, Herbert von, _d1908-1989 _9235581 _emsd |
|
| 710 | 2 |
_aLoughton High School for Girls- _bChorus _9238125 |
|
| 710 | 2 |
_aBancroft's School- _bChorus _9238126 |
|
| 710 | 2 |
_aPhilharmonia Orchestra (Londres) _9237912 |
|
| 852 |
_aES-MaACL _bR.155022 _cDEPOJ _jN-9806 _hDonación: Miren Fernández _xEncuadernación cartoné _pVolumen 11 _9205617 |
||
| 903 |
_aFernández, Miren _ednr |
||
| 942 |
_cMONOGRAFIA _n0 |
||
| 999 |
_c196086 _d196086 |
||